000 00444nam a2200181Ia 4500
005 20240823025200.0
008 240823s9999||||xx |||||||||||||| ||und||
041 _aENGLISH
082 _A338.7 P4
100 _aCMR
245 0 _aCase Studies in Business Strategy Vol III
250 _a1st
260 _c2004
_bThe ICFAI University
_aHyderabad
500 _aYES
650 _aBusiness Strategy
_bGeneral
942 _cBK
999 _c185708
_d185708